| 000 | 00810nam a2200301Ia 4500 | ||
|---|---|---|---|
| 008 | 160216s9999 xx 000 0 und d | ||
| 020 | _a0-495-38337-6 | ||
| 050 | _aMAIN GE 105 | ||
| 050 | _b.M55 2008 | ||
| 100 | _aMiller, G. Tyler, Jr. | ||
| 245 | _aEnvironmental science : | ||
| 245 | _bproblems, concepts, and solutions / | ||
| 245 | _cG. Tyler Miller, Jr., Scott Spoolman. | ||
| 250 | _a12th Edition | ||
| 260 | _aAustralia : | ||
| 260 | _bThomson Brooks/Cole. | ||
| 260 | _c2008 | ||
| 300 | _a584 pages : | ||
| 300 | _bcol. ill. ; | ||
| 300 | _c28 cm. | ||
| 500 | _aIncludes index. | ||
| 650 | _aEnvironmental protection -- | ||
| 650 | _aEnvironmental sciences -- | ||
| 650 | _aHuman ecology -- | ||
| 650 | _x Textbooks. | ||
| 650 | _xTextbooks. | ||
| 650 | _xTextbooks. | ||
| 999 |
_c290859 _d290859 |
||